Design and construction of ports and marine structures (Record no. 1573)

000 -LEADER
fixed length control field 00391 a2200145 4500
020 ## - INTERNATIONAL STANDARD BOOK NUMBER
International Standard Book Number 0070510644
082 ## - DEWEY DECIMAL CLASSIFICATION NUMBER
Classification number 627.2 QUI
100 ## - MAIN ENTRY--PERSONAL NAME
Personal name Quinn, Alonzo DeF
245 ## - TITLE STATEMENT
Title Design and construction of ports and marine structures
Statement of responsibility, etc. Alonzo DeF. Quinn.
250 ## - EDITION STATEMENT
Edition statement 2d ed.
260 ## - PUBLICATION, DISTRIBUTION, ETC.
Place of publication, distribution, etc. New York,
Name of publisher, distributor, etc. McGraw-Hill
Date of publication, distribution, etc. 1972
300 ## - PHYSICAL DESCRIPTION
Extent x, 611 p.
Other physical details illus.
Dimensions 24 cm.
650 ## - SUBJECT ADDED ENTRY--TOPICAL TERM
Topical term or geographic name entry element Harbors.
650 ## - SUBJECT ADDED ENTRY--TOPICAL TERM
Topical term or geographic name entry element Breakwaters.
650 ## - SUBJECT ADDED ENTRY--TOPICAL TERM
Topical term or geographic name entry element Docks.
Holdings
Withdrawn status Lost status Damaged status Not for loan Permanent Location Current Location Shelving location Date acquired Total Checkouts Full call number Barcode Date last seen Price effective from Koha item type
        School of Civil and Environmental Engineering (SCEE) School of Civil and Environmental Engineering (SCEE)       627.2 QUI NIT-126 01/05/2017 01/05/2017 Book
        School of Civil and Environmental Engineering (SCEE) School of Civil and Environmental Engineering (SCEE)         NIT-125 01/05/2017 01/05/2017 Book
© 2023 Central Library, National University of Sciences and Technology. All Rights Reserved.